[Event "FBL 1"]
[Site "?"]
[Date "2016.10.23"]
[Round "2.4"]
[White "Niedermaier, Barbara"]
[Black "Arakhamia Grant, Ketevan"]
[Result "0-1"]
[WhiteElo "1946"]
[BlackElo "2381"]
[PlyCount "84"]
[EventDate "2016.10.22"]
[EventType "team-tourn"]
[EventCountry "GER"]
[WhiteTeam "Muenchen FC Bayern"]
[BlackTeam "Baden Baden OSG"]
[WhiteTeamCountry "GER"]
[BlackTeamCountry "GER"]

1. f4 Nf6 2. Nf3 g6 3. b3 Bg7 4. Bb2 d5 5. e3 c5 6. Bb5+ Bd7 7. Bxd7+ Nbxd7 8.
O-O O-O 9. d3 b5 10. Qe1 e6 11. Nbd2 Re8 12. Rb1 a5 13. c4 b4 14. Qh4 a4 15. a3
axb3 16. axb4 cxb4 17. Nxb3 dxc4 18. dxc4 Ne4 19. Qxd8 Rexd8 20. Bxg7 Kxg7 21.
Nbd4 Ra4 22. Nc6 Rc8 23. Rxb4 Rxb4 24. Nxb4 Rxc4 25. Nd3 Rc3 26. Rd1 Ndf6 27.
Ng5 Nxg5 28. fxg5 Ng4 29. e4 Rc2 30. Re1 Rd2 31. Nc5 Ne5 32. Rc1 h6 33. gxh6+
Kxh6 34. h3 Kg5 35. g3 Nf3+ 36. Kf1 Rh2 37. Rc3 Ne5 38. h4+ Kg4 39. Kg1 Ra2 40.
Nd3 Nf3+ 41. Kf1 Kxg3 42. Rb3 Nd2+ 0-1

[Event "FBL 1"]
[Site "?"]
[Date "2016.10.23"]
[Round "2.5"]
[White "Tammert, Iamze"]
[Black "Spiel, Marianne"]
[Result "1-0"]
[WhiteElo "2293"]
[BlackElo "1939"]
[PlyCount "115"]
[EventDate "2016.10.22"]
[EventType "team-tourn"]
[EventCountry "GER"]
[WhiteTeam "Baden Baden OSG"]
[BlackTeam "Muenchen FC Bayern"]
[WhiteTeamCountry "GER"]
[BlackTeamCountry "GER"]

1. c4 Nf6 2. g3 e6 3. Bg2 d5 4. Nf3 Be7 5. O-O O-O 6. d4 c6 7. b3 Ne4 8. Bb2
Nd7 9. Nbd2 Ndf6 10. Ne5 Nxd2 11. Qxd2 Ne4 12. Qc2 f6 13. Nd3 f5 14. Rae1 Qe8
15. f3 Nf6 16. e4 Qd8 17. Nf4 g5 18. Nd3 Nh5 19. exd5 exd5 20. Qe2 Bf6 21. cxd5
cxd5 22. f4 Ng7 23. fxg5 Bxg5 24. Nb4 Be6 25. Rd1 Qd7 26. Nd3 b6 27. Bc1 Bf6
28. Nf4 Rae8 29. Qf3 Rd8 30. Ba3 Rfe8 31. Nxe6 Rxe6 32. Bh3 Re4 33. Bb2 Qe7 34.
Bxf5 Re3 35. Bxh7+ Kxh7 36. Qxf6 Qxf6 37. Rxf6 Rd7 38. Kf2 Rde7 39. Rd2 Ne8 40.
Rf3 R3e4 41. Rf5 Nc7 42. Kg2 Kg6 43. Rdf2 Rd7 44. R5f4 Rxf4 45. Rxf4 Ne6 46.
Rf2 Rc7 47. h4 Ng7 48. g4 Ne8 49. Kh3 Nf6 50. h5+ Kg7 51. Rf5 Rc2 52. Ba3 Rc3+
53. Kh4 Rc2 54. Bf8+ Kxf8 55. Rxf6+ Ke7 56. Kg5 Rxa2 57. h6 Rg2 58. h7 1-0

[Event "FBL 1"]
[Site "?"]
[Date "2016.10.23"]
[Round "2.6"]
[White "Roos, Karin"]
[Black "Haussernot, Cecile"]
[Result "0-1"]
[WhiteElo "1811"]
[BlackElo "2099"]
[PlyCount "127"]
[EventDate "2016.10.22"]
[EventType "team-tourn"]
[EventCountry "GER"]
[WhiteTeam "Muenchen FC Bayern"]
[BlackTeam "Baden Baden OSG"]
[WhiteTeamCountry "GER"]
[BlackTeamCountry "GER"]

1. e4 c5 2. Nf3 d6 3. c3 Nf6 4. Bb5+ Nbd7 5. d3 a6 6. Ba4 e6 7. O-O Be7 8. Nbd2
O-O 9. Bc2 e5 10. Nc4 b5 11. Ne3 Re8 12. Nd5 Nxd5 13. exd5 f5 14. b3 Bf6 15.
Qd2 Nb6 16. d4 cxd4 17. cxd4 e4 18. Ne1 Nxd5 19. b4 e3 20. fxe3 Nxe3 21. Bb3+
d5 22. Rf3 Ng4 23. Nc2 Re4 24. h3 Nh6 25. Bb2 Bb7 26. Ne3 Bg5 27. Qd3 Bxe3+ 28.
Rxe3 Kh8 29. Rf1 Qd6 30. Bc3 Rae8 31. Bd2 Qb6 32. Bc2 Rc8 33. Bc3 Qc7 34. Rff3
Ng8 35. Qd2 f4 36. Re2 Rxe2 37. Qxe2 Nf6 38. Bf5 Re8 39. Qf1 Nh5 40. Bd2 Qc4
41. Qa1 Qe2 42. Bxf4 Nxf4 43. Rxf4 Qe3+ 44. Rf2 Rf8 45. Qb1 Qxd4 46. Qd3 Qe5
47. Bg4 Qe1+ 48. Rf1 Qxb4 49. Bf3 Qc5+ 50. Kh1 Qc4 51. Qb1 d4 52. Rc1 Qf7 53.
Bxb7 Qxb7 54. Qd3 Qd5 55. a3 h6 56. Kg1 Re8 57. Qg6 Qe5 58. Rd1 Re6 59. Qf7 Kh7
60. Kh1 Rf6 61. Qb3 Rf8 62. Qb4 Rf2 63. Qb1+ Kh8 64. Re1 0-1

[Event "FBL 1"]
[Site "?"]
[Date "2016.10.23"]
[Round "2.1"]
[White "Endress, Anna"]
[Black "Naiditsch, Yuliya"]
[Result "0-1"]
[WhiteElo "2122"]
[BlackElo "2415"]
[PlyCount "82"]
[EventDate "2016.10.22"]
[EventType "team-tourn"]
[EventCountry "GER"]
[WhiteTeam "Norderstedt TuRa Harksheide"]
[BlackTeam "Deizisau SF"]
[WhiteTeamCountry "GER"]
[BlackTeamCountry "GER"]

1. e4 c5 2. Nc3 Nc6 3. g3 g6 4. Bg2 Bg7 5. d3 Rb8 6. Be3 Nd4 7. f4 d6 8. Nf3 h5
9. h3 Bd7 10. O-O Qc8 11. e5 Bxh3 12. exd6 Bxg2 13. Kxg2 Nf5 14. Bf2 exd6 15.
Re1+ Nge7 16. Nd5 Kf8 17. Nxe7 Nxe7 18. d4 c4 19. d5 Nf5 20. c3 a6 21. Qe2 b5
22. Rad1 Qb7 23. Qe4 Qd7 24. Nd4 Nxd4 25. Bxd4 h4 26. Bxg7+ Kxg7 27. Qe7 Qg4
28. Qg5 h3+ 29. Kh2 Qf3 30. Rd2 Rbe8 31. Re7 Rxe7 32. Qxe7 Rb8 33. a3 a5 34.
Qe2 Qxe2+ 35. Rxe2 Rh8 36. g4 Kf6 37. Kg3 g5 38. fxg5+ Kxg5 39. Rh2 Re8 40. Kf3
Kh4 41. Rd2 Re5 0-1

[Event "FBL 1"]
[Site "?"]
[Date "2016.10.23"]
[Round "2.2"]
[White "Schleining, Zoya"]
[Black "Brandt, Carina"]
[Result "1/2-1/2"]
[WhiteElo "2349"]
[BlackElo "2042"]
[PlyCount "29"]
[EventDate "2016.10.22"]
[EventType "team-tourn"]
[EventCountry "GER"]
[WhiteTeam "Deizisau SF"]
[BlackTeam "Norderstedt TuRa Harksheide"]
[WhiteTeamCountry "GER"]
[BlackTeamCountry "GER"]

1. d4 d5 2. c4 c6 3. Nf3 Nf6 4. Nc3 e6 5. Qd3 Nbd7 6. e4 dxe4 7. Nxe4 c5 8.
Nxf6+ Nxf6 9. Be3 Bd7 10. O-O-O Qa5 11. Kb1 Rd8 12. d5 exd5 13. cxd5 Be7 14.
Qc2 O-O 15. Be2 1/2-1/2

[Event "FBL 1"]
[Site "?"]
[Date "2016.10.23"]
[Round "2.3"]
[White "Sherif, Amina"]
[Black "Levushkina, Elena"]
[Result "1-0"]
[WhiteElo "2080"]
[BlackElo "2321"]
[PlyCount "105"]
[EventDate "2016.10.22"]
[EventType "team-tourn"]
[EventCountry "GER"]
[WhiteTeam "Norderstedt TuRa Harksheide"]
[BlackTeam "Deizisau SF"]
[WhiteTeamCountry "GER"]
[BlackTeamCountry "GER"]

1. d4 Nf6 2. Nf3 e6 3. e3 b6 4. Bd3 Bb7 5. O-O d6 6. c4 Nbd7 7. Nc3 Be7 8. b3
c5 9. Bb2 a6 10. Re1 Qc7 11. e4 cxd4 12. Nxd4 O-O 13. Kh1 Rfd8 14. f4 Bf8 15.
f5 Re8 16. Bc2 Ne5 17. fxe6 fxe6 18. Nf3 Rad8 19. Qe2 Ng6 20. Rad1 Bc6 21. Rd2
Qb7 22. Nd4 Bd7 23. Red1 Qc7 24. Nf3 Bc6 25. Rf1 Ba8 26. Nd1 e5 27. Nc3 Nf4 28.
Qf2 Qc5 29. Qxc5 bxc5 30. Nd5 N4xd5 31. exd5 Bb7 32. Bf5 Bc8 33. Ng5 Bxf5 34.
Rxf5 Rb8 35. Bc3 h6 36. Ne6 Ne4 37. Rd3 Nxc3 38. Rxc3 Be7 39. Rg3 g5 40. h4 Rb7
41. h5 Bf8 42. Rf6 Rf7 43. Rgf3 Rxf6 44. Rxf6 Be7 45. Rxh6 a5 46. g4 e4 47. Kg2
Kf7 48. Rg6 a4 49. Rg7+ Kf6 50. Rxg5 Bd8 51. Rf5+ Ke7 52. g5 Rh8 53. g6 1-0

[Event "FBL 1"]
[Site "?"]
[Date "2016.10.23"]
[Round "2.4"]
[White "Klek, Hanna Marie"]
[Black "Waechter, Nathalie"]
[Result "1-0"]
[WhiteElo "2335"]
[BlackElo "1993"]
[PlyCount "63"]
[EventDate "2016.10.22"]
[EventType "team-tourn"]
[EventCountry "GER"]
[WhiteTeam "Deizisau SF"]
[BlackTeam "Norderstedt TuRa Harksheide"]
[WhiteTeamCountry "GER"]
[BlackTeamCountry "GER"]

1. e4 e6 2. d4 d5 3. exd5 exd5 4. c4 Nf6 5. Nc3 c6 6. Bd3 Be7 7. Nf3 Bg4 8. Be3
O-O 9. h3 Bh5 10. O-O dxc4 11. Bxc4 Nbd7 12. g4 Nb6 13. Bb3 Bg6 14. Ne5 Nfd5
15. Qf3 Bf6 16. Ne4 Nxe3 17. Nxf6+ gxf6 18. Nxg6 Nxf1 19. Nxf8 Qxf8 20. Qxf6
Nd2 21. Qg5+ Qg7 22. Qxd2 Qf6 23. Qe3 Rd8 24. Re1 Nd5 25. Qe5 Qh4 26. Kg2 Qh6
27. Re4 a6 28. Kg3 Qd6 29. f4 Nf6 30. Qg5+ Kh8 31. Re6 fxe6 32. Qxf6+ 1-0

[Event "FBL 1"]
[Site "?"]
[Date "2016.10.23"]
[Round "2.5"]
[White "Rosmait, Emily"]
[Black "Jelica, Mara"]
[Result "0-1"]
[WhiteElo "1920"]
[BlackElo "2099"]
[PlyCount "70"]
[EventDate "2016.10.22"]
[EventType "team-tourn"]
[EventCountry "GER"]
[WhiteTeam "Norderstedt TuRa Harksheide"]
[BlackTeam "Deizisau SF"]
[WhiteTeamCountry "GER"]
[BlackTeamCountry "GER"]

1. e4 c5 2. Nf3 a6 3. d4 cxd4 4. Nxd4 Nf6 5. Bd3 e5 6. Nf3 d5 7. Nbd2 Nc6 8.
O-O d4 9. h3 Bd6 10. Nh2 O-O 11. Nc4 Bc7 12. f4 exf4 13. Bxf4 b5 14. Bxc7 Qxc7
15. Nd2 Re8 16. Qe2 Bb7 17. Rae1 Rad8 18. Ng4 Nxg4 19. Qxg4 Ne5 20. Qg3 Qa5 21.
Nb3 Qb6 22. Rf5 f6 23. Ref1 Kh8 24. Qf2 Kg8 25. Nd2 Qd6 26. Qe2 Rc8 27. h4 Rc5
28. h5 h6 29. Nb3 Rc7 30. R1f2 Nc4 31. Qg4 Ne5 32. Qg3 Kh8 33. Kh1 Rd7 34. Kg1
Rdd8 35. Kh1 Nxd3 0-1

[Event "FBL 1"]
[Site "?"]
[Date "2016.10.23"]
[Round "2.6"]
[White "Lauterbach, Ingrid"]
[Black "Koehler, Inken"]
[Result "1-0"]
[WhiteElo "2104"]
[BlackElo "2008"]
[PlyCount "149"]
[EventDate "2016.10.22"]
[EventType "team-tourn"]
[EventCountry "GER"]
[WhiteTeam "Deizisau SF"]
[BlackTeam "Norderstedt TuRa Harksheide"]
[WhiteTeamCountry "GER"]
[BlackTeamCountry "GER"]

1. e4 c5 2. Nf3 e6 3. g3 Nc6 4. Bg2 d6 5. O-O Nge7 6. c3 a6 7. d4 cxd4 8. cxd4
d5 9. exd5 Nxd5 10. Nc3 Nc7 11. Bg5 Be7 12. Bxe7 Nxe7 13. Qc2 Ncd5 14. Ne5 O-O
15. a3 Rb8 16. Rac1 Nf6 17. Rfd1 b5 18. Ne4 Bb7 19. Nxf6+ gxf6 20. Ng4 Nf5 21.
d5 Rc8 22. Qd3 Rxc1 23. Rxc1 Kg7 24. Rd1 h5 25. Ne3 Nxe3 26. fxe3 Bxd5 27. Bxd5
Qxd5 28. Qxd5 exd5 29. Rxd5 Kg6 30. Rd6 Re8 31. Kf2 Re6 32. Rd2 f5 33. Kf3 Rc6
34. h4 Kf6 35. Kf4 Rc4+ 36. Rd4 Rc6 37. b3 Re6 38. a4 bxa4 39. bxa4 Rc6 40. a5
Kg6 41. Rb4 Re6 42. Rb8 Re4+ 43. Kf3 Re5 44. Rb6+ Re6 45. Kf2 Kf6 46. Ke2 Ke5
47. Rb8 Kf6 48. Rh8 Kg6 49. Rg8+ Kh6 50. Rd8 Kg7 51. Rd5 Kf6 52. Kf3 Kg6 53.
Rd4 Kf6 54. Kf4 Rc6 55. e4 fxe4 56. Kxe4 Ke6 57. Rb4 Kd6 58. Rd4+ Ke6 59. Rb4
Kd6 60. Rb3 Rc4+ 61. Kf5 Rc5+ 62. Kf6 Rxa5 63. Kxf7 Ke5 64. Rb6 Kf5 65. Rg6 Ra3
66. Rg5+ Ke4 67. Kg6 a5 68. Kxh5 a4 69. g4 Ra1 70. Ra5 a3 71. g5 a2 72. g6 Kf4
73. Kh6 Rh1 74. Rxa2 Rxh4+ 75. Kg7 1-0

[Event "FBL 1"]
[Site "?"]
[Date "2016.10.23"]
[Round "2.1"]
[White "Richterova, Natasa"]
[Black "Obolentseva, Alexandra"]
[Result "1-0"]
[WhiteElo "2167"]
[BlackElo "2339"]
[PlyCount "93"]
[EventDate "2016.10.22"]
[EventType "team-tourn"]
[EventCountry "GER"]
[WhiteTeam "Erfurt SV Medizin"]
[BlackTeam "Koenigshofen Bad SC"]
[WhiteTeamCountry "GER"]
[BlackTeamCountry "GER"]

1. e4 c5 2. Nf3 d6 3. Bb5+ Nd7 4. d4 cxd4 5. Qxd4 Ngf6 6. O-O a6 7. Bxd7+ Bxd7
8. c4 b5 9. Nc3 e5 10. Qd3 bxc4 11. Qxc4 Be7 12. Rd1 O-O 13. Bg5 Be6 14. Qc6
Rc8 15. Qxa6 Rxc3 16. bxc3 Nxe4 17. Bxe7 Qxe7 18. Qd3 f5 19. Nd2 Nc5 20. Qb5
Rc8 21. a4 Bd7 22. Qb4 Nd3 23. Qb3+ Be6 24. c4 Nf4 25. a5 Qg5 26. g3 Ne2+ 27.
Kg2 Nd4 28. Qd3 Bd7 29. f3 Bc6 30. a6 Qh5 31. Rf1 g5 32. Kg1 g4 33. f4 Qf7 34.
fxe5 Qa7 35. Rf2 dxe5 36. Qe3 Qg7 37. Ra5 Re8 38. a7 Ba8 39. Kf1 h5 40. Nb3 Nf3
41. Rb5 f4 42. gxf4 Qd7 43. Nd2 g3 44. Rxf3 Qh3+ 45. Ke1 Bxf3 46. Qxf3 g2 47.
Kf2 1-0

[Event "FBL 1"]
[Site "?"]
[Date "2016.10.23"]
[Round "2.2"]
[White "Osmanodja, Filiz"]
[Black "Troyke, Doreen"]
[Result "1-0"]
[WhiteElo "2297"]
[BlackElo "2105"]
[PlyCount "93"]
[EventDate "2016.10.22"]
[EventType "team-tourn"]
[EventCountry "GER"]
[WhiteTeam "Koenigshofen Bad SC"]
[BlackTeam "Erfurt SV Medizin"]
[WhiteTeamCountry "GER"]
[BlackTeamCountry "GER"]

1. e4 c5 2. Nf3 Nc6 3. Nc3 a6 4. d4 cxd4 5. Nxd4 d6 6. Bc4 e6 7. Nxc6 bxc6 8.
Qe2 Be7 9. Bf4 Nf6 10. O-O-O O-O 11. Rhe1 Bb7 12. Rd3 d5 13. e5 Nd7 14. Red1
Bg5 15. g3 Bxf4+ 16. gxf4 Qh4 17. Qe3 Rab8 18. Ne4 c5 19. Bb3 Nxe5 20. fxe5
Qxe4 21. Qxe4 dxe4 22. Rd6 h6 23. Bc4 a5 24. a4 Rfc8 25. Bb5 c4 26. Bd7 Rc7 27.
Rb6 Rd8 28. Bb5 Rd5 29. Rxd5 exd5 30. c3 Kf8 31. Kd2 Ke7 32. Ke3 h5 33. Kd4 f5
34. e6 Kf6 35. h4 f4 36. Be8 g6 37. e7+ Kxe7 38. Bxg6 Kf8 39. Bxh5 Re7 40. Rf6+
Kg7 41. Rxf4 Bc6 42. Bd1 Re6 43. h5 Kh6 44. Bg4 e3 45. Bxe6 e2 46. Rf6+ Kxh5
47. Bf7+ 1-0

[Event "FBL 1"]
[Site "?"]
[Date "2016.10.23"]
[Round "2.3"]
[White "Mueller Ludwig, Kristin"]
[Black "Melamed, Tatjana"]
[Result "0-1"]
[WhiteElo "2078"]
[BlackElo "2318"]
[PlyCount "98"]
[EventDate "2016.10.22"]
[EventType "team-tourn"]
[EventCountry "GER"]
[WhiteTeam "Erfurt SV Medizin"]
[BlackTeam "Koenigshofen Bad SC"]
[WhiteTeamCountry "GER"]
[BlackTeamCountry "GER"]

1. e4 c5 2. Nf3 e6 3. d4 cxd4 4. Nxd4 Nc6 5. Nc3 Qc7 6. Be3 a6 7. Be2 Nf6 8.
O-O Bb4 9. Nxc6 bxc6 10. Na4 Be7 11. Nb6 Rb8 12. Nxc8 Qxc8 13. Bd4 c5 14. Be5
Rb6 15. Qd3 d6 16. Bc3 O-O 17. b3 Qc6 18. Bf3 Nd7 19. Rad1 c4 20. Qxc4 Qxc4 21.
bxc4 Rc8 22. Be2 Bf6 23. Bxf6 Nxf6 24. f3 Nd7 25. Rd2 Kf8 26. Rfd1 Ke7 27. Kf2
Rc5 28. Rd3 Ra5 29. a3 Nc5 30. Re3 Rb2 31. Rd2 e5 32. g3 Ra2 33. f4 f6 34. Bd3
R5xa3 35. Rf3 Nxd3+ 36. Rfxd3 Rxd3 37. Rxd3 Rxc2+ 38. Kf3 Rxc4 39. Ra3 Rc6 40.
f5 Kd7 41. g4 Kc7 42. h4 Kb7 43. g5 Rc5 44. h5 h6 45. gxf6 gxf6 46. Ra1 a5 47.
Rg1 a4 48. Ke3 a3 49. Kd3 a2 0-1

[Event "FBL 1"]
[Site "?"]
[Date "2016.10.23"]
[Round "2.4"]
[White "Schoene, Maria"]
[Black "Anisheva, Varvara"]
[Result "1/2-1/2"]
[WhiteElo "2273"]
[BlackElo "2132"]
[PlyCount "94"]
[EventDate "2016.10.22"]
[EventType "team-tourn"]
[EventCountry "GER"]
[WhiteTeam "Koenigshofen Bad SC"]
[BlackTeam "Erfurt SV Medizin"]
[WhiteTeamCountry "GER"]
[BlackTeamCountry "GER"]

1. e4 c5 2. Nf3 d6 3. d4 cxd4 4. Nxd4 Nf6 5. Nc3 a6 6. Be3 e6 7. Be2 Qc7 8. f4
b5 9. a3 Bb7 10. Bf3 Nbd7 11. f5 e5 12. Nb3 Nb6 13. Qe2 Nc4 14. Bc1 Be7 15. Nd2
Nb6 16. O-O O-O 17. Rd1 Rfd8 18. g3 Rac8 19. Kh1 d5 20. exd5 Nbxd5 21. Nxd5
Bxd5 22. c3 Qc6 23. Re1 Bc5 24. Bxd5 Qxd5+ 25. Qg2 h6 26. Nf1 Ng4 27. Qxd5 Rxd5
28. Kg2 Rcd8 29. h3 Nf2 30. Re2 Nd3 31. Be3 e4 32. f6 Bxe3 33. Nxe3 Rg5 34. Rf1
gxf6 35. Nf5 Kh7 36. Rxe4 Ne5 37. Rd4 Re8 38. Rd6 Re6 39. Rxe6 fxe6 40. Nd4 Nc4
41. Rxf6 e5 42. Ne6 Rg8 43. Nc5 a5 44. a4 Rc8 45. b4 axb4 46. cxb4 bxa4 47.
Nxa4 Rb8 1/2-1/2

[Event "FBL 1"]
[Site "?"]
[Date "2016.10.23"]
[Round "2.5"]
[White "von der  Weth von Nordheim, Petra"]
[Black "Belenkaya, Dina"]
[Result "0-1"]
[WhiteElo "1985"]
[BlackElo "2292"]
[PlyCount "52"]
[EventDate "2016.10.22"]
[EventType "team-tourn"]
[EventCountry "GER"]
[WhiteTeam "Erfurt SV Medizin"]
[BlackTeam "Koenigshofen Bad SC"]
[WhiteTeamCountry "GER"]
[BlackTeamCountry "GER"]

1. Nf3 d5 2. g3 g6 3. Bg2 Bg7 4. d4 Nf6 5. O-O O-O 6. c4 c6 7. cxd5 cxd5 8. Qb3
Nc6 9. Nc3 e6 10. e3 Na5 11. Qd1 b6 12. Ne5 Ba6 13. Re1 Rc8 14. Bd2 Ne8 15. b3
Qd6 16. f4 Nc6 17. a3 Nf6 18. b4 Bc4 19. Nxc4 dxc4 20. b5 Ne7 21. Qa4 Qd7 22.
Rac1 Nfd5 23. Na2 a6 24. Bb4 axb5 25. Qd1 Rfd8 26. Rb1 Nxe3 0-1

[Event "FBL 1"]
[Site "?"]
[Date "2016.10.23"]
[Round "2.6"]
[White "Frey, Alisa"]
[Black "Kube, Hannelore"]
[Result "1-0"]
[WhiteElo "2034"]
[BlackElo "1923"]
[PlyCount "43"]
[EventDate "2016.10.22"]
[EventType "team-tourn"]
[EventCountry "GER"]
[WhiteTeam "Koenigshofen Bad SC"]
[BlackTeam "Erfurt SV Medizin"]
[WhiteTeamCountry "GER"]
[BlackTeamCountry "GER"]

1. e4 e5 2. Nf3 Nf6 3. Nxe5 d6 4. Nf3 Nxe4 5. Nc3 d5 6. Qe2 Be7 7. Nxe4 dxe4 8.
Qxe4 O-O 9. Bc4 Re8 10. Ne5 Rf8 11. O-O Bd6 12. d4 Nc6 13. Nxc6 bxc6 14. Re1
Bd7 15. Bd2 Qf6 16. c3 Bf5 17. Qf3 Qg6 18. Bf4 Rae8 19. Bxd6 cxd6 20. Rxe8 Rxe8
21. Qxc6 Rc8 22. Re1 1-0

[Event "FBL 1"]
[Site "?"]
[Date "2016.10.23"]
[Round "2.1"]
[White "Paehtz, Elisabeth"]
[Black "Javakhishvili, Lela"]
[Result "1/2-1/2"]
[WhiteElo "2476"]
[BlackElo "2486"]
[PlyCount "69"]
[EventDate "2016.10.22"]
[EventType "team-tourn"]
[EventCountry "GER"]
[WhiteTeam "Hamburger SK"]
[BlackTeam "Schwaebisch Hall SK"]
[WhiteTeamCountry "GER"]
[BlackTeamCountry "GER"]

1. e4 e5 2. Nf3 Nc6 3. Bc4 Nf6 4. d3 Be7 5. O-O O-O 6. Re1 d6 7. a4 Na5 8. Ba2
c5 9. Nc3 Nc6 10. h3 Nb4 11. Bb3 Be6 12. Nd2 Bxb3 13. Nxb3 h6 14. Nd2 Re8 15.
Nc4 Bf8 16. Bd2 Qd7 17. Rc1 Re6 18. b3 Rae8 19. Ne2 d5 20. exd5 Nfxd5 21. Ng3
Nc6 22. Qg4 g6 23. Nxe5 Nxe5 24. Rxe5 Nf6 25. Rxe6 Nxg4 26. Rxe8 Qxe8 27. hxg4
Bg7 28. Re1 Qd7 29. Re4 b6 30. Nf1 Kh7 31. Ne3 Bf6 32. Nc4 Qd5 33. Ne3 Qd7 34.
Nc4 Qd5 35. Ne3 1/2-1/2

[Event "FBL 1"]
[Site "?"]
[Date "2016.10.23"]
[Round "2.2"]
[White "Atalik, Ekaterina"]
[Black "Socko, Monika"]
[Result "0-1"]
[WhiteElo "2426"]
[BlackElo "2454"]
[PlyCount "136"]
[EventDate "2016.10.22"]
[EventType "team-tourn"]
[EventCountry "GER"]
[WhiteTeam "Schwaebisch Hall SK"]
[BlackTeam "Hamburger SK"]
[WhiteTeamCountry "GER"]
[BlackTeamCountry "GER"]

1. d4 Nf6 2. Nf3 g6 3. g3 Bg7 4. Bg2 O-O 5. c4 d6 6. O-O a6 7. b3 c5 8. Bb2 Nc6
9. Nc3 Bg4 10. d5 Na5 11. Nd2 Qd7 12. f3 Bh3 13. e4 Bxg2 14. Kxg2 b5 15. Qe2
Rfb8 16. Rae1 bxc4 17. Nxc4 Nxc4 18. bxc4 Qc7 19. Ba1 Nd7 20. f4 Rb4 21. a3 Rb7
22. e5 dxe5 23. Ne4 exf4 24. Bxg7 Kxg7 25. Rxf4 Rf8 26. Qd2 Qb8 27. Re2 f6 28.
Qc3 Rb3 29. Qa5 Qb6 30. Qa4 Rb2 31. Rxb2 Qxb2+ 32. Rf2 Qd4 33. Qxd7 Qxe4+ 34.
Kh3 Rf7 35. Qg4 Qd3 36. a4 Qb3 37. a5 Qa4 38. Rb2 Qxa5 39. Rb7 Qe1 40. Qf3 f5
41. Rb3 f4 42. gxf4 g5 43. f5 Qh4+ 44. Kg2 Qxc4 45. Rd3 Qc2+ 46. Kg3 h5 47. Qe3
Kh7 48. Qe4 c4 49. Re3 Qxe4 50. Rxe4 c3 51. h4 c2 52. Rc4 Rxf5 53. Rxc2 Rxd5
54. Re2 gxh4+ 55. Kxh4 Rd7 56. Kxh5 a5 57. Kg5 a4 58. Re3 Ra7 59. Ra3 Ra5+ 60.
Kf4 Kg6 61. Ke4 e5 62. Rg3+ Kf6 63. Rf3+ Ke7 64. Ra3 Kd6 65. Rd3+ Kc6 66. Rc3+
Kb6 67. Ra3 Kb5 68. Ra1 Kc4 0-1

[Event "FBL 1"]
[Site "?"]
[Date "2016.10.23"]
[Round "2.3"]
[White "Hoolt, Sarah"]
[Black "Daulyte, Deimante"]
[Result "0-1"]
[WhiteElo "2371"]
[BlackElo "2412"]
[PlyCount "58"]
[EventDate "2016.10.22"]
[EventType "team-tourn"]
[EventCountry "GER"]
[WhiteTeam "Hamburger SK"]
[BlackTeam "Schwaebisch Hall SK"]
[WhiteTeamCountry "GER"]
[BlackTeamCountry "GER"]

1. e4 c5 2. d3 Nc6 3. g3 g6 4. Bg2 Bg7 5. c3 d6 6. Ne2 Nh6 7. O-O O-O 8. h3 f5
9. Be3 e5 10. Qd2 Nf7 11. Na3 Be6 12. d4 cxd4 13. cxd4 exd4 14. Nxd4 Nxd4 15.
Bxd4 fxe4 16. Bxe4 Ng5 17. Bxb7 d5 18. f4 Ne4 19. Qe3 Bxd4 20. Qxd4 Rb8 21. Bc6
Nxg3 22. Qe5 Bf7 23. Rf3 Nf5 24. Kh1 Rb6 25. Rc1 Rxc6 26. Rxc6 d4 27. Rc5 Re8
28. Qc7 Qxc7 29. Rxc7 Bd5 0-1

[Event "FBL 1"]
[Site "?"]
[Date "2016.10.23"]
[Round "2.4"]
[White "Milliet, Sophie"]
[Black "Baciu, Diana"]
[Result "1/2-1/2"]
[WhiteElo "2354"]
[BlackElo "2279"]
[PlyCount "83"]
[EventDate "2016.10.22"]
[EventType "team-tourn"]
[EventCountry "GER"]
[WhiteTeam "Schwaebisch Hall SK"]
[BlackTeam "Hamburger SK"]
[WhiteTeamCountry "GER"]
[BlackTeamCountry "GER"]

1. e4 e6 2. d4 d5 3. Nc3 Bb4 4. e5 c5 5. a3 Bxc3+ 6. bxc3 Ne7 7. h4 b6 8. h5 h6
9. Qg4 Nf5 10. Bd3 Rg8 11. Qf4 Qc7 12. g4 Ne7 13. dxc5 Nd7 14. Nf3 Nxc5 15. Bd2
Bb7 16. Nd4 a6 17. Kf1 Ne4 18. Re1 g5 19. Qe3 Qxe5 20. Rg1 f5 21. f3 Qh2 22.
fxe4 fxe4 23. Nxe6 Kd7 24. Re2 Qd6 25. Nd4 Rgf8+ 26. Rf2 exd3 27. cxd3 Rae8 28.
Rxf8 Rxf8+ 29. Kg2 Nc6 30. Re1 Nd8 31. Qe5 Qxe5 32. Rxe5 Kd6 33. Rf5 Rf7 34.
Be1 Bc8 35. Bg3+ Ke7 36. Rxf7+ Nxf7 37. Kf3 Kf6 38. Nc2 Ne5+ 39. Bxe5+ Kxe5 40.
d4+ Kf6 41. Nb4 Ke6 42. Nc6 1/2-1/2

[Event "FBL 1"]
[Site "?"]
[Date "2016.10.23"]
[Round "2.5"]
[White "Hegeler, Anja"]
[Black "Rapport, Jovana"]
[Result "0-1"]
[WhiteElo "2167"]
[BlackElo "2318"]
[PlyCount "112"]
[EventDate "2016.10.22"]
[EventType "team-tourn"]
[EventCountry "GER"]
[WhiteTeam "Hamburger SK"]
[BlackTeam "Schwaebisch Hall SK"]
[WhiteTeamCountry "GER"]
[BlackTeamCountry "GER"]

1. e4 g6 2. d4 Nf6 3. e5 Nh5 4. Be2 d6 5. exd6 Qxd6 6. Bf3 c6 7. c3 Nf6 8. Ne2
Bg7 9. O-O O-O 10. Nd2 Nd5 11. Nc4 Qc7 12. a4 Nd7 13. Ne3 Nxe3 14. Bxe3 e5 15.
g3 Re8 16. Bg2 Nb6 17. dxe5 Bxe5 18. Bf4 Bg4 19. f3 Rad8 20. Qc1 Bc8 21. Bg5 f6
22. Bh6 Nc4 23. Kh1 Bd6 24. Nd4 a6 25. b3 Ne5 26. Bf4 c5 27. Bxe5 Bxe5 28. Ne2
Bf5 29. f4 Bd6 30. Ng1 Bf8 31. c4 Rd3 32. Qb2 Qb6 33. Rf3 Ree3 34. Rxe3 Rxe3
35. Qd2 Rxb3 36. Re1 Kg7 37. a5 Qc7 38. Bd5 Bd7 39. Qc2 Rb4 40. Qe4 Qxa5 41.
Bxb7 Rxb7 42. Qxb7 Qxe1 43. Qxd7+ Qe7 44. Qc6 Kf7 45. Kg2 Qe6 46. Qxe6+ Kxe6
47. Ne2 g5 48. fxg5 fxg5 49. Kf3 Bg7 50. Nc1 Bc3 51. Ke4 a5 52. g4 a4 53. Na2
Bb2 54. h3 h6 55. Kd3 Ke5 56. Ke3 a3 0-1

[Event "FBL 1"]
[Site "?"]
[Date "2016.10.23"]
[Round "2.6"]
[White "Ambartsumova, Karina"]
[Black "Scognamiglio, Stefanie"]
[Result "1/2-1/2"]
[WhiteElo "2280"]
[BlackElo "2080"]
[PlyCount "104"]
[EventDate "2016.10.22"]
[EventType "team-tourn"]
[EventCountry "GER"]
[WhiteTeam "Schwaebisch Hall SK"]
[BlackTeam "Hamburger SK"]
[WhiteTeamCountry "GER"]
[BlackTeamCountry "GER"]

1. e4 c5 2. Nf3 Nc6 3. Bb5 g6 4. O-O Bg7 5. Nc3 d6 6. d3 Bd7 7. Bxc6 Bxc6 8.
Be3 e5 9. a3 Ne7 10. b4 b6 11. Qd2 h6 12. Ne1 g5 13. Ne2 f5 14. f3 O-O 15. c4
Qd7 16. Nc3 Bb7 17. b5 Rf7 18. a4 Raf8 19. a5 Qe6 20. axb6 axb6 21. Nd5 Nc8 22.
Nc2 Qg6 23. g4 fxg4 24. fxg4 Bxd5 25. cxd5 Rxf1+ 26. Rxf1 Rxf1+ 27. Kxf1 Qf7+
28. Qf2 Na7 29. Qxf7+ Kxf7 30. Na3 Kg6 31. Ke2 Bf6 32. Kd2 Bd8 33. Kc3 h5 34.
h3 hxg4 35. hxg4 Kf6 36. Kc4 Nc8 37. Nb1 Kg6 38. Nd2 Kf7 39. Nf3 Kg6 40. Nd2
Kf7 41. Nf1 Bf6 42. Ng3 Bd8 43. Nf5 Bf6 44. Bc1 Bd8 45. Kb3 Kg6 46. Bd2 Kf6 47.
Be1 Kg6 48. Bg3 Bf6 49. Bh2 Kf7 50. Bg1 Bd8 51. Be3 Kg6 52. Kc4 Kf6 1/2-1/2

[Event "FBL 1"]
[Site "?"]
[Date "2016.10.23"]
[Round "2.1"]
[White "Sieber, Fiona"]
[Black "Majdan Gajewska, Joanna"]
[Result "0-1"]
[WhiteElo "2173"]
[BlackElo "2362"]
[PlyCount "56"]
[EventDate "2016.10.22"]
[EventType "team-tourn"]
[EventCountry "GER"]
[WhiteTeam "Lehrte SK"]
[BlackTeam "Rodewischer Schachmiezen"]
[WhiteTeamCountry "GER"]
[BlackTeamCountry "GER"]

1. e4 c5 2. Nf3 e6 3. d4 cxd4 4. Nxd4 a6 5. Bd3 g6 6. O-O Bg7 7. Nf3 Nc6 8. c4
Nge7 9. Nc3 O-O 10. Be2 b6 11. Be3 Bb7 12. Qd2 Ne5 13. Rfd1 Nxf3+ 14. Bxf3 Bc6
15. Be2 f5 16. f3 Qb8 17. Bf4 Be5 18. Bxe5 Qxe5 19. exf5 Nxf5 20. Bd3 b5 21.
cxb5 axb5 22. Bxf5 Rxf5 23. Qd4 Qc7 24. Ne2 Rd5 25. Qf6 Rxa2 26. Nc3 Qa7+ 27.
Kh1 Rxa1 28. Qd8+ Kf7 0-1